[Event "Benidorm op U2300 11th"]
[Site "Benidorm"]
[Date "2012.12.04"]
[Round "5"]
[White "Gromovs, Sergejs"]
[Black "Benitez Fernandez, Martin Jesus"]
[Result "0-1"]
[WhiteElo "2215"]
[BlackElo "2026"]
[PlyCount "86"]
[EventDate "2012.11.30"]
[EventType "swiss"]
[EventRounds "10"]
[EventCountry "ESP"]
[SourceTitle "EXT 2014"]
[Source "ChessBase"]
[SourceDate "2013.11.20"]
[SourceVersion "1"]
[SourceVersionDate "2013.11.20"]
[SourceQuality "1"]

1. d4 Nf6 2. Nf3 d5 3. c4 e6 4. Nc3 Be7 5. Bf4 c6 6. e3 Nbd7 7. Qc2 Nh5 8. Be5 Nxe5 9. dxe5 g6 10. g4 Ng7 11. 0-0-0 Qa5 12. h4 h5 13. gxh5 Rxh5 14. Bd3 Nf5 15. e4 dxe4 16. Bxe4 Bd7 17. Kb1 0-0-0 18. Ne2 Nxh4 19. Nxh4 Rxh4 20. Rxh4 Bxh4 21. f4 g5 22. Rf1 Be8 23. c5 Rd2 24. Qc4 Qb5 25. Qxb5 cxb5 26. Bf3 Bc6 27. Kc1 Rd7 28. Kc2 Kc7 29. b4 b6 30. cxb6+ Kxb6 31. Bxc6 Kxc6 32. Rh1 Bf2 33. fxg5 Be3 34. Nc3 Bxg5 35. Ne4 Bf4 36. Rh5 Rd5 37. Nd6 f5 38. Nc8 Rd7 39. Rh3 Bxe5 40. Ra3 Bd4 41. Ra5 f4 42. a4 bxa4 43. Rxa4 Kb7 0-1

[Event "ESP-chT CECLUB Sur Div 1"]
[Site "Burguillos"]
[Date "2007.08.24"]
[Round "4"]
[White "Benitez Fernandez, Martin Jesus"]
[Black "Lopez Gonzalez, Daniel"]
[Result "0-1"]
[WhiteElo "2076"]
[BlackElo "2184"]
[PlyCount "128"]
[EventDate "2007.08.22"]
[EventType "team"]
[EventRounds "6"]
[EventCountry "ESP"]
[SourceTitle "CBM 119 Extra"]
[Source "ChessBase"]
[SourceDate "2007.09.04"]
[SourceVersion "1"]
[SourceVersionDate "2007.09.04"]
[SourceQuality "1"]

1. e4 e5 2. Nf3 Nc6 3. Bb5 a6 4. Bxc6 dxc6 5. 0-0 f6 6. d4 Bg4 7. c3 Bd6 8. Be3 Ne7 9. Nbd2 Qd7 10. h3 Be6 11. b4 Ng6 12. Re1 0-0 13. Qe2 exd4 14. Nxd4 Bf7 15. Nf5 Rfe8 16. Nc4 Bf8 17. f3 c5 18. bxc5 Qb5 19. Nd2 Bxc5 20. Rab1 Qxe2 21. Rxe2 Bxe3+ 22. Rxe3 Rad8 23. Nb3 Nf4 24. Nbd4 b5 25. a3 Bc4 26. Rb2 g6 27. Nh6+ Kg7 28. Ng4 c5 29. Nc6 Rd1+ 30. Kh2 h5 31. Nf2 Ra1 32. e5 f5 33. Na5 Bf7 34. e6 Rxe6 35. Rxe6 Bxe6 36. Nb7 Rxa3 37. Nxc5 Bc4 38. Nd1 a5 39. h4 a4 40. Ne3 Rxc3 41. Nxc4 Rxc4 42. Rxb5 Rc2 43. Nxa4 Rxg2+ 44. Kh1 Rg3 45. Nc5 Rxf3 46. Rb4 Nd5 47. Rd4 Nf6 48. Ne6+ Kh6 49. Ng5 Re3 50. Rd6 Ne4 51. Re6 Ng3+ 52. Kg2 Rxe6 53. Nxe6 Ne4 54. Kf3 g5 55. Nd4 Kg6 56. hxg5 Kxg5 57. Ne6+ Kf6 58. Nf4 h4 59. Nh5+ Ke5 60. Nf4 Ng5+ 61. Ke3 h3 62. Nd3+ Kf6 63. Nf2 h2 64. Kf4 Nh3+ 0-1

[Event "La Roda op 33rd"]
[Site "La Roda"]
[Date "2006.04.12"]
[Round "1.8"]
[White "Velicka, Petr"]
[Black "Benitez Fernandez, Martin Jesus"]
[Result "1/2-1/2"]
[WhiteElo "2456"]
[BlackElo "2035"]
[PlyCount "160"]
[EventDate "2006.04.12"]
[EventType "swiss"]
[EventRounds "9"]
[EventCountry "ESP"]
[SourceTitle "CBM 111 Extra"]
[Source "ChessBase"]
[SourceDate "2006.05.09"]
[SourceVersion "1"]
[SourceVersionDate "2006.05.09"]
[SourceQuality "1"]

1. e4 e5 2. Nf3 Nc6 3. Bc4 Nf6 4. d3 Be7 5. 0-0 d6 6. a4 0-0 7. a5 Bg4 8. c3 a6 9. Re1 Qd7 10. Nbd2 Kh8 11. Nf1 Nh5 12. Ne3 f5 13. h3 Bxh3 14. gxh3 fxe4 15. Ng5 Nf4 16. Nf7+ Rxf7 17. Bxf7 Rf8 18. Qg4 Qxg4+ 19. hxg4 Nxd3 20. Re2 Rxf7 21. Nd5 Bd8 22. Be3 h6 23. Ra4 g5 24. Kf1 Kg7 25. Rd2 Nf4 26. Bxf4 gxf4 27. Re2 Nxa5 28. Rxa5 c6 29. Ra4 cxd5 30. Rd2 Kf6 31. Rxd5 Ke6 32. c4 Bb6 33. b4 Bd4 34. b5 axb5 35. Rxb5 Rg7 36. Ra8 Rxg4 37. Rxb7 Rg6 38. Rf8 f3 39. Rff7 Rf6 40. Rxf6+ Kxf6 41. Rd7 Bc5 42. Rd8 Bb4 43. Rd7 Ke6 44. Rg7 Bd2 45. Rg6+ Kd7 46. Rg4 Bf4 47. Rg8 Kc7 48. Ra8 Kb7 49. Rd8 Kc7 50. Ra8 Kb7 51. Rd8 Kc6 52. Rc8+ Kb6 53. Ke1 e3 54. fxe3 Bxe3 55. Rf8 f2+ 56. Ke2 Bd4 57. Rf6 Kc5 58. Rxh6 e4 59. Rh4 e3 60. Rh6 Be5 61. Rh4 Bd4 62. Rh6 Kc6 63. Rh5 Bc5 64. Rh1 Kd7 65. Rh5 Ke6 66. Rd5 Bb4 67. Kf1 Bc5 68. Ke2 Kd7 69. Rh5 Kc6 70. Rd5 Kb6 71. Rd1 Ka5 72. Rb1 Ka4 73. Kf1 Ka3 74. Ke2 Ka2 75. Rb8 Ba3 76. Rb5 Bc5 77. Rb8 Ka3 78. Rb1 Bd4 79. Rd1 Bc5 80. Rb1 Ka2 1/2-1/2